Estadísitica aplicada (Registro nro. 1309)

Detalles MARC
000 -LEADER
fixed length control field 01378 a2200217 4500
001 - CONTROL NUMBER
control field 25198
005 - DATE AND TIME OF LATEST TRANSACTION
control field 20260407155535.0
008 - FIXED-LENGTH DATA ELEMENTS--GENERAL INFORMATION
fixed length control field 260407a1965 arg spa d
003 - CONTROL NUMBER IDENTIFIER
control field AR-UNSa-BCEJYS
040 ## - CATALOGING SOURCE
Original cataloging agency AR-UNSa-BCEJYS
Language of cataloging spa
Transcribing agency AR-UNSa-BCEJYS
080 ## - UNIVERSAL DECIMAL CLASSIFICATION NUMBER
Universal Decimal Classification number 519.2
Common auxiliary subdivision Probabilidades y estadística matemática<br/>
100 1# - MAIN ENTRY--PERSONAL NAME
Personal name Ostle, Bernard
245 10 - TITLE STATEMENT
Title Estadísitica aplicada
Name of part/section of a work técnicas de la estadística moderna, cuando y donde aplicarlas
264 #1 - PRODUCTION, PUBLICATION, DISTRIBUTION, MANUFACTURE, AND COPYRIGHT NOTICE
Place of production, publication, distribution, manufacture México :
Name of producer, publisher, distributor, manufacturer Limusa-Wiley
Date of production, publication, distribution, manufacture, or copyright notice 1965
300 ## - PHYSICAL DESCRIPTION
Extent 630 p.
Dimensions 23 cm.
505 ## - FORMATTED CONTENTS NOTE
Formatted contents note 1. El papel de la estadística en la investigación - 2. Conceptos matemáticos - 3. Un resumen de la teoria básica en probabilidad y estadística - 4. Elemetos de muestreo y estadística descriptiva - 5. Distribuciones de muestreo - 6. Inferencia estadística : La estimación - 7. Inferencia estadística : Prueba hipotesis - 8. Análisis de regresión - 9. Análisis de correlación - 10. Diseño de investigaciones experimentales - 11. Diseño completamente azarizado - 12. Diseño en bloque completo azarizado - 13. Otros diseños - 14. Análisis de covarianza - 15. Métods de distribución libre - 16. Control estadístico de la calidad - 17. Algunas otras técnicas y aplicaciones.
590 ## - LOCAL NOTE (RLIN)
Local note niveau_biblio:m niveau_hierar:0
700 1# - ADDED ENTRY--PERSONAL NAME
Personal name Serna Valdivia, Dagoberto de la
700 1# - ADDED ENTRY--PERSONAL NAME
Personal name Rodriguez Caballero, Melchor
942 ## - ADDED ENTRY ELEMENTS (KOHA)
Koha item type
Existencias
Withdrawn status Lost status Damaged status Not for loan Home library Current library Shelving location Date acquired Total checkouts Full call number Barcode Date last seen Price effective from Koha item type
        Biblioteca Prof. Eusebio Cleto del Rey Biblioteca Prof. Eusebio Cleto del Rey   07/04/2026   519.2 O85 L21831 07/04/2026 07/04/2026 Libro